000 01094cam a2200217 4500
001 J128957
008 050307n 000 0 eng u
035 _a(Sirsi) u128957
041 _aeng
050 _a720
_c18
245 _aSurvey of London volume six
_bthe parish of Hammersmith
260 _aLondon
_bBatsford
_c[1915]
300 _axviii, 143p.
_bill.
_c30cm.
490 _aSurvey of London Main Series
_v6
520 _aThis volume of the "Survey of London", English Heritage's detailed architectural and topographical study, describes buildings in and around Hammersmith (including many which have been demolished or rebuilt), explaining how they came into being and outlining their significance and historical associations. This earlier volume is highly selective and includes few buildings erected after 1800. Includes photographs and maps together with plans, sections and elevations of selected buildings.
590 _aSOL
690 _aBUILT ENVIRONMENT-CONSTRUCTION DESIGN
700 _aBird, James
_xGeneral Editor
700 _aNorman, Philip
_xGeneral Editor
942 _n0
999 _c104045
_d104045